| 000 | | | 04266nac2a22003133x 450 |
| 001 | | | 0c501762-d0e2-4347-a276-e9c6642578a6 |
| 005 | | | 20211214175633.0 |
| 100 | ## | $a | 20211122l19101917k y0rusy50 ca |
| 101 | 0# | $a | rus |
| | $a | swe |
| | $a | fre |
| 102 | ## | $a | RU |
| 105 | ## | $a | y z |||e| |
| 122 | 2# | $a | d19101005 |
| | $a | d19170209 |
| 200 | 1# | $a | Письма Ове.../швед./ |
| | $j | 05 октября 1910 - 09 февраля 1917 |
| 215 | ## | $a | 13 листов |
| 251 | ## | $c | Дело |
| 300 | ## | $a | Заголовок дела на папке: Письма Ове... |
| 300 | ## | $a | На папке дела: 5 октября 1916-9 февраля 1917 |
| 300 | ## | $a | Часть текста на шведском и французском языках |
| 300 | ## | $a | Лист: 1 - конверт с маркой |
| 300 | ## | $a | Рукописный текст |
| 330 | ## | $a | Входит в раздел описи: 7. Письма разных лиц к разным лицам |
| 461 | #0 | $1 | 001ff9fc58f-089b-437b-980d-902343bc59d8 |
| | $1 | 2001 |
| | $a | Шиллинг Маврикий Фабианович, барон, секретарь русского посольства в Вене |
| | $1 | 251 |
| | $c | Фонд |
| | $1 | 852 |
| | $j | 813 |
| 462 | #0 | $1 | 001665c067c-d934-4316-b9df-5bf0ad49190b |
| | $1 | 2001 |
| | $a | Дела постоянного хранения. 1817-1917 |
| | $v | Д. 496 |
| | $1 | 251 |
| | $c | Опись |
| | $1 | 852 |
| | $j | 1 |
| 517 | 1# | $a | Письма Ове... |
| 600 | #1 | $a | Шиллинг |
| | $b | М. Ф. |
| | $c | барон |
| | $g | Маврикий Фабианович |
| 600 | #1 | $a | Ове |
| 801 | #0 | $a | RU |
| | $b | GA_RF |
| 801 | #1 | $a | RU |
| | $b | ГлавНИВЦ |
| | $c | 20211122 |
| | $2 | rusmarc |
| 801 | #2 | $a | RU |
| | $b | ПБ им. Б.Н. Ельцина |
| | $c | 20211214 |
| | $g | RCR |
| | $2 | rusmarc |
| 852 | ## | $a | ГА РФ |
| | $j | 496 |
| 937 | ## | $d | 171603429 |
| | $h | ГАРФ |
| 035 | ## | $a | RuPRLIB51061382 |
| 856 | ## | $u | http://readingroom.main.prlib.ru/item.aspx?id_node=n171603429&mode=full |